1534 1598 1852 1798 1715 1739 1068 1526 1985 1255 1040 1841 1658 1069 1603 1953 1810 1793 1401 1190 1454 1817 1842 1545 1195 1008 1005 1606 1090 1192 1941 1829 1696 1413 1211 1211 1532 1187 1371 1199 1533 1803 1056 1202 1083 1840 1540 1775 1290 1332 1791 1167 1572 1696 1088 1510 1103 1159 1721 1307 1757 1829 1816 1533 1791 1609 1409 1904 1131 1926 1495 1841 1748 1758 1363 1273 1212 1417 1705 1134 1816 1077 1519 1207 1582 1872 1567 1675 1714 1784 1498 1196 1158 1738 1563 1359 1616 1604 1418 BCNSPRNW ULIB Ver.6.0+V

เปลี่ยนเป็นภาษาไทย

Change to English
 แสดงรายละเอียดบรรณานุกรม
  กลับหน้าหลัก

Brief Record : Get Marc (ISO 2709) : E-mail record : QR code < ปิดหน้าต่าง
LEADER : 00000nam 2200000uu 4500
001    13399121755
003     ULIB
008    121204s2555||||th 000 0 tha d
020    ^a9786160002979
090    ^aนว.^bป618ป
100 0  ^aปิ่นปินัทธ์
245 10 ^aปทมาศวรรย์ /^cปิ่นปินัทธ์
250    ^aพิมพ์ครั้งที่ 1
260    ^aกรุงเทพฯ :^bพิมพ์คำ,^c2555
300    ^a567 หน้า ;^c21 ซม.
490 0  ^aชุดดวงดอกไม้
650  4 ^aนวนิยายไทย
830  0 ^aชุดดวงดอกไม้
945    ^p340^l0^i033170
999    ^aใช้งานได้ทุกระบบ
รายการนี้ยังไม่มีแท็ก
คุณยังไม่ได้ล็อกอิน คุณสามารถมีกิจกรรมร่วมกับเว็บไซต์ได้ แต่ต้องล็อกอินก่อน ::
  ล็อกอิน

รายการสื่อสารสนเทศ

ลำดับที่ ประเภท เลขเรียก/บาร์โค้ด สถานที่ สถานะ
1. นวนิยาย
นวนิยาย
นว. ป618ป  
  Barcode: 033170
ห้องสมุดวิทยาเขตสวรรค์ประชารักษ์
►นวนิยาย
บนชั้น
  ขอยืม

รายการใกล้เคียง
    ผู้แต่ง [ปิ่นปินัทธ์]

    หัวเรื่อง [นวนิยายไทย]

BibComment


ยังไม่เคยถูกคอมเมนท์

คอมเมนท์ทรัพยากรรายการนี้
  คอมเมนท์: ปทมาศวรรย์ ปิ่น..


 Copyright 2026. Bcnsprnw @Library